Encyclopedia of contemporary British culture

Αποθηκεύτηκε σε:
Λεπτομέρειες βιβλιογραφικής εγγραφής
Άλλοι συγγραφείς: Childs, Peter 1962- (Επιμελητής έκδοσης), Storry, Mike 1943- (Επιμελητής έκδοσης)
Μορφή: Βιβλίο
Γλώσσα:English
Δημοσίευση: London and New York : Routledge, c1999
Θέματα:
Ετικέτες: Προσθήκη ετικέτας
Δεν υπάρχουν, Καταχωρήστε ετικέτα πρώτοι!

MARC

LEADER 00000nam a2200000 i 4500
001 1/25056
008 130125s1999 eng d
020 |a 0-415-14726-3 
035 |l 10113575 
040 |a GR-MY-UA  |b gre  |e aacr 
041 0 |a eng 
082 0 |a 306.0941  |2 (22) 
245 1 0 |a Encyclopedia of contemporary British culture /  |c edited by Peter Childs and Mike Storry 
260 |a London and New York :   |b Routledge,   |c c1999 
300 |a xvii, 628 σ.;  |c 25 εκ. 
651 0 |a Great Britain  |x Civilization  |y 20th century. 
651 0 |a Great Britain  |x History  |x Elizabeth II, 1952- 
700 1 |a Childs, Peter  |d 1962-  |4 edt 
700 1 |a Storry, Mike  |d 1943-  |4 edt 
852 |a INST  |b LESVOS  |e 20130125  |h 306.0941 ENC  |p 005100052030  |q 005100052030  |t REF  |y 23 
901 |a BIBL1-2013-1 
909 |a Λ  |b 177831 
922 |a 1ΕΛΗ  |b 201211  |c ΤΜΗΜΑ ΚΟΙΝΩΝΙΚΗΣ ΑΝΘΡΩΠΟΛΟΓΙΑΣ ΚΑΙ ΙΣΤΟΡΙΑΣ  |d ΙΩΑΝΝΙΔΟΥ 
970 |a ΤΖΑΦΕΡΗ  |b ΕΥΑΓΓΕΛΙΑ  |z 2013/01/25